000 03415nam a22003497a 4500
001 102091
003 KnowledgeUnlatched
005 20210303104721.0
006 m o d
007 cr u||||||||||
008 210129p20082019ncu o u00| u eng d
037 _5BiblioBoard
245 0 0 _aGoverning Gaza
_bBureaucracy, Authority, and the Work of Rule, 1917-1967 /
_cIlana Feldman.
020 _a9781478091394
029 1 _ahttps://library.biblioboard.com/ext/api/media/e8b1c097-9ed6-45c7-bb79-8699062c4cf9/assets/thumbnail.jpg
040 _aScCtBLL
_cScCtBLL
100 1 _aFeldman, Ilana
_eauthor.
264 1 _bDuke University Press,
300 _a1 online resource (344 p.)
506 0 _aAccess copy available to the general public.
_fUnrestricted
_2star
520 _aMarred by political tumult and violent conflict since the early twentieth century, Gaza has been subject to a multiplicity of rulers. Still not part of a sovereign state, it would seem too exceptional to be a revealing site for a study of government. Ilana Feldman proves otherwise. She demonstrates that a focus on the Gaza Strip uncovers a great deal about how government actually works, not only in that small geographical space but more generally. Gaza's experience shows how important bureaucracy is for the survival of government. Feldman analyzes civil service in Gaza under the British Mandate (1917-48) and the Egyptian Administration (1948-67). In the process, she sheds light on how governing authority is produced and reproduced; how government persists, even under conditions that seem untenable; and how government affects and is affected by the people and places it governs. Drawing on archival research in Gaza, Cairo, Jerusalem, and London, as well as two years of ethnographic research with retired civil servants in Gaza, Feldman identifies two distinct, and in some ways contradictory, governing practices. She illuminates mechanisms of "reiterative authority" derived from the minutiae of daily bureaucratic practice, such as the repetitions of filing procedures, the accumulation of documents, and the habits of civil servants. Looking at the provision of services, she highlights the practice of "tactical government," a deliberately restricted mode of rule that makes limited claims about governmental capacity, shifting in response to crisis and operating without long-term planning. This practice made it possible for government to proceed without claiming legitimacy: by holding the question of legitimacy in abeyance. Feldman shows that Gaza's governments were able to manage under, though not to control, the difficult conditions in Gaza by deploying both the regularity of everyday bureaucracy and the exceptionality of tactical practice.
588 0 _aDescription based on print version record.
590 _aKU Select 2018: HSS Backlist Books
650 7 _aSocial Science / Anthropology / Cultural & Social
_2bisacsh
650 0 _aSocial sciences
655 0 _aElectronic books.
758 _iIs found in:
_aKnowledge Unlatched
_1https://openresearchlibrary.org/module/2774bc74-146a-484f-a7ba-ab1d6a09bbfb
856 4 0 _uhttps://openresearchlibrary.org/content/e8b1c097-9ed6-45c7-bb79-8699062c4cf9
_zView this content on Open Research Library.
_70
999 _c32380
_d32380